Las limitaciones de la globalización : economía, ecología y política de la globalización.

Gardado en:
Detalles Bibliográficos
Autor Principal: Altvater, Elmar
Outros autores: Mahnkopf, Birgit (autora)
Formato: Unknown
Publicado: México, D.F., México. Siglo XXI Editores; Centro de Investigaciones Interdisciplinarias en Ciencias y Humanidades, UNAM, 2002.
Edición:Primera edición.
Subjects:
Tags: Engadir etiqueta
Sen Etiquetas, Sexa o primeiro en etiquetar este rexistro!

MARC

LEADER 00000 a2200000 4500
003 CL-VaPUC
005 20221201074349.0
008 221019t2002 ||||| |||| 00| 0 eng d
999 |c 438482  |d 438480 
020 |a 9789682323157 
040 |c Pontificia Universidad Católica de Valparaíso 
082 7 |a 337.1 ALT 2002  |2 22 
100 |a Altvater, Elmar   |9 875916 
245 |a Las limitaciones de la globalización :  |b  economía, ecología y política de la globalización. 
250 |a Primera edición.  
260 |a México, D.F., México.   |b Siglo XXI Editores;  |b Centro de Investigaciones Interdisciplinarias en Ciencias y Humanidades, UNAM,   |c 2002. 
300 |a 433 páginas.  
583 |k GC  |c 20221019 
650 0 |a Economía internacional  |9 258254 
650 |a Globalización   |x Regulación   |9 877818 
650 |a Globalización   |x Política económica   |9 877819 
700 |a Mahnkopf, Birgit   |e autora  |9 877797 
942 |2 ddc  |c BK 
952 |0 0  |1 0  |2 ddc  |4 0  |6 337_100000000000000_ALT_2002  |7 0  |8 A  |9 587409  |a BIBING  |b BIBING  |c GEN  |d 2022-10-19  |e 3  |g 37988.00  |i 5655308  |o 337.1 ALT 2002  |p 5655308  |r 2025-01-20  |t 1  |v 37988.00  |w 2022-10-19  |y BK  |k GEO 
952 |0 0  |1 0  |2 ddc  |4 0  |6 337_100000000000000_ALT_2002  |7 0  |8 A  |9 587410  |a BIBING  |b BIBING  |c GEN  |d 2022-10-19  |e 3  |g 37988.00  |i 5655309  |o 337.1 ALT 2002  |p 5655309  |r 2025-01-20  |t 2  |v 37988.00  |w 2022-10-19  |y BK  |k GEO 
952 |0 0  |1 0  |2 ddc  |4 0  |6 337_100000000000000_ALT_2002  |7 0  |8 A  |9 587411  |a BIBING  |b BIBING  |c GEN  |d 2022-10-19  |e 3  |g 37988.00  |i 5655310  |o 337.1 ALT 2002  |p 5655310  |r 2025-01-20  |t 3  |v 37988.00  |w 2022-10-19  |y BK  |k GEO